Habeas data (Registro nro. 71778)

Detalles MARC
000 -LEADER
fixed length control field nam a22 7a 4500
005 - DATE AND TIME OF LATEST TRANSACTION
control field 20200131121820.0
008 - FIXED-LENGTH DATA ELEMENTS--GENERAL INFORMATION
fixed length control field 200127b br ||||| |||| 00| 0 por d
020 ## - INTERNATIONAL STANDARD BOOK NUMBER
International Standard Book Number 8520316352
050 04 - LIBRARY OF CONGRESS CALL NUMBER
Classification number KHD2772
Item number H33 1998
245 00 - TITLE STATEMENT
Title Habeas data
Statement of responsibility, etc / coordenacao Teresa Arruda Alvim Wambier
250 ## - EDITION STATEMENT
Edition statement 1a ed.
260 ## - PUBLICATION, DISTRIBUTION, ETC. (IMPRINT)
Place of publication, distribution, etc Sao Paulo :
Name of publisher, distributor, etc Editora Revista Dos Tribunais,
Date of publication, distribution, etc 1998
300 ## - PHYSICAL DESCRIPTION
Extent 445 p. ;
Dimensions 21 cm.
504 ## - BIBLIOGRAPHY, ETC. NOTE
Bibliography, etc Incluye bibliografía
650 #7 - SUBJECT ADDED ENTRY--TOPICAL TERM
Source of heading or term lemb
Topical term or geographic name as entry element Personalidad (Derecho)
Geographic subdivision Brasil
650 #7 - SUBJECT ADDED ENTRY--TOPICAL TERM
Source of heading or term lemb
Topical term or geographic name as entry element Archivos públicos
General subdivision Legislación
Geographic subdivision Brasil
650 #7 - SUBJECT ADDED ENTRY--TOPICAL TERM
Source of heading or term lemb
Topical term or geographic name as entry element Libertad de información
Geographic subdivision Brasil
700 1# - ADDED ENTRY--PERSONAL NAME
Personal name Wambier, Teresa Arruda Alvim
Relator term coordinador
942 ## - ADDED ENTRY ELEMENTS (KOHA)
Source of classification or shelving scheme Biblioteca del Cogreso de los Estados Unidos
Koha item type Libro
Existencias
Estado de pérdida Fuente de clasificación Estado del daño No para préstamo Ubicación permanente Ubicación actual Apartado o colección Fecha de adquisición Fuente de adquisición Edición Área del conocimiento Clasificación Código de Barras Date last seen Número de copia Costo por reposición Tipo de recurso
  Biblioteca del Cogreso de los Estados Unidos     Biblioteca del Posgrado en Derecho Biblioteca del Posgrado en Derecho Colección Ernesto Villanueva 27/01/2020 Donación 1a ed. Ciencias Sociales y Administrativas KHD2772 H33 1998 BPD000001239 27/01/2020 1 1.00 Libro